| 000 | 01413cam a22003977a 4500 | ||
|---|---|---|---|
| 001 | 15012352 | ||
| 003 | OSt | ||
| 005 | 20210907104632.0 | ||
| 008 | 070919s2008 ne b 001 0 eng | ||
| 010 | _a 2007937658 | ||
| 015 |
_aGBA777588 _2bnb |
||
| 016 | 7 |
_a014016313 _2Uk |
|
| 020 | _a9789048187867 | ||
| 035 | _a(OCoLC)ocn172979461 | ||
| 038 | _akhadija | ||
| 040 |
_aUKM _cUKM _dBTCTA _dBAKER _dYDXCP _dNLGGC _dPIT _dDLC |
||
| 042 | _alccopycat | ||
| 050 | 0 | 0 |
_aQA76.9.A48 _bS24 2008 |
| 082 | 0 | 4 |
_a006.3 _222 _bWRI |
| 084 |
_a86.52 _2bcl |
||
| 100 |
_aWright, David _982196 |
||
| 245 | 0 | 0 |
_aSafeguards in a world of ambient intelligence / _cPasi Ahonen ... [et al.], authors ; David Wright ... [et al.], editors. |
| 260 |
_aDordrecht ; _aNew York : _bSpringer, _cc2008. |
||
| 300 |
_axxxiii, 291 p. ; _c25 cm. |
||
| 440 | 0 |
_aInternational library of ethics, law and technology ; _vv. 1 _982197 |
|
| 504 | _aIncludes bibliographical references (p. 273-286) and index. | ||
| 563 | _apaperback | ||
| 650 | 0 |
_aAmbient intelligence. _981519 |
|
| 650 | 0 |
_aAmbient intelligence _xMoral and ethical aspects. _982198 |
|
| 700 | 1 |
_aAhonen, Pasi. _982199 |
|
| 700 | 1 |
_aWright, David, _d1948 December 10- _982200 |
|
| 906 |
_a7 _bcbc _ccopycat _d2 _encip _f20 _gy-gencatlg |
||
| 942 |
_2ddc _cBK |
||
| 999 |
_c32972 _d32972 |
||